| 000 | 00684nam a2200193 a 4500 | ||
|---|---|---|---|
| 001 | BRCA_779 | ||
| 005 | 20190320203140.0 | ||
| 008 | 241005s1987----mx-a---###---#000-0#spa-d | ||
| 050 | 4 |
_aDK601.5 _b.M67 1987 |
|
| 245 | 1 | 0 |
_aMoscù _cpresentación Yuri Balanenko ; fotografía Nikolai Rajmánov ; dibujante artístico Dimitri Bisti ; traducción del ruso Marina Kostrítsina. |
| 260 |
_aMoscú _bPlaneta _c1987 |
||
| 300 |
_a185 p. _bil. a color, láminas _c34 cm. |
||
| 500 | _aTraducción de : Mockba | ||
| 650 | 1 | 4 |
_aMoscú (Russia) _xHistoria _ySiglo XX _92593 |
| 700 | 1 |
_aRajmánov, Nikolai _92594 |
|
| 700 | 1 |
_aBalanenko, Yuri _92595 |
|
| 700 | 1 |
_aBisti, Dimitri _92596 |
|
| 942 |
_2lcc _cB |
||
| 999 |
_c676 _d676 |
||